| Поле | Название | Значение |
| |
Тип записи |
a |
| |
Библиографический уровень |
m |
| 001 |
Контрольный номер |
RU\infra-m\znanium\bibl\2148586 |
| 005 |
Дата корректировки |
20240827142121.9 |
| 008 |
Кодируемые данные |
240405s2024 RU g rus u |
| 020 |
Индекс ISBN |
__ |
| a |
ISBN |
978-5-16-018599-6 |
| 020 |
Индекс ISBN |
__ |
| a |
ISBN |
978-5-16-111724-8 (электр. издание) |
| 040 |
Источник каталогиз. |
__ |
| a |
Служба первич. каталог. |
Общество с ограниченной ответственностью «ЗНАНИУМ» |
| 041 |
Код языка издания |
__ |
| a |
Код языка текста |
rus |
| 044 |
Код страны публикации |
__ |
| a |
Код страны публикации |
RU |
| 080 |
Индекс УДК |
__ |
| a |
Индекс УДК |
355.21(075.8) |
| 084 |
Индекс другой классификации/Индекс ББК |
__ |
| 2 |
Источник индекса |
rubbk |
| a |
Индекс другой классификации/Индекс ББК |
68.4я73 |
| 084 |
Индекс другой классификации/Индекс ББК |
__ |
| 2 |
Источник индекса |
okso |
| a |
Индекс другой классификации/Индекс ББК |
00.03.41 |
| 084 |
Индекс другой классификации/Индекс ББК |
__ |
| 2 |
Источник индекса |
okso |
| a |
Индекс другой классификации/Индекс ББК |
00.05.17 |
| 100 |
Автор |
__ |
| a |
Автор |
Алексеев С. В. |
| q |
Полное имя |
Алексеев Сергей Владимирович |
| u |
Дополнение |
Санкт-Петербургская академия постдипломного педагогического образования |
| 245 |
Заглавие |
__ |
| a |
Заглавие |
Женщины и армия: учебный модуль для девушек |
| b |
Продолж. заглавия |
Учебное пособие |
| c |
Ответственность |
Санкт-Петербургская академия постдипломного педагогического образования |
| 250 |
Сведения об издании |
__ |
| a |
Основные сведения об издании |
1 |
| 260 |
Выходные данные |
__ |
| a |
Место издания |
Москва |
| b |
Издательство |
ООО "Научно-издательский центр ИНФРА-М" |
| c |
Дата издания |
2024 |
| 300 |
Физическое описание |
__ |
| a |
Объем |
208 с. |
| 440 |
Серия |
__ |
| a |
Серия |
Высшее образование |
| 520 |
Аннотация |
__ |
| a |
Аннотация |
Учебное пособие раскрывает основные направления изучения учебного модуля для девушек «Женщины и армия» в курсе «Основы безопасности жизнедеятельности» авторской линии учебников под редакцией профессора С.В. Алексеева. В обсуждении материалов пособия приняли участие ведущие специалисты г. Санкт-Петербурга в области методики обучения основам безопасности жизнедеятельности — как ученые и методисты так и педагоги-практики. Соответствует требованиям федеральных государственных образовательных стандартов последнего поколения. Адресовано студентам образовательных организаций и учащимся старших классов общеобразовательных организаций. Может использоваться при работе учащихся по авторским линиям курса «Основы безопасности» как в системе среднего общего образования так и в системе среднего профессионального образования. |
| 521 |
Примеч. о цел. назн. |
__ |
| a |
Примеч. о целев. назн. |
Профессиональное образование |
| 650 |
Тематические рубрики |
__ |
| a |
Основная рубрика |
Военное дело. Оружие. Спецслужбы |
| x |
Основная подрубрика |
Военные науки |
| 655 |
Указ. предметных рубрик (устаревшее) |
__ |
| a |
Жанр/ форма (устаревшее) |
Учебное пособие |
| 700 |
Другие авторы |
__ |
| a |
Другие авторы |
Данченко С.П. |
| q |
Полное имя |
Данченко Сергей Петрович |
| u |
Дополнение |
Санкт-Петербургская академия постдипломного педагогического образования |
| 700 |
Другие авторы |
__ |
| a |
Другие авторы |
Костецкая Г.А. |
| q |
Полное имя |
Костецкая Галина Анатольевна |
| u |
Дополнение |
Санкт-Петербургская академия постдипломного педагогического образования |
| 856 |
Электронный адрес документа |
4_ |
| a |
Имя сервера/домена |
znanium.ru |
| m |
Помощь |
ebs_support@infra-m.ru |
| n |
Местонахождение сервера |
НИЦ ИНФРА-М |
| u |
URL |
https://znanium.ru/catalog/document?id=444855 |
| 856 |
Электронный адрес документа |
48 |
| a |
Имя сервера/домена |
znanium.ru |
| d |
Путь |
/cover/2148 |
| f |
Электронное имя |
2148586.jpg |
| u |
URL |
https://znanium.ru/cover/2148/2148586.jpg |
| 911 |
|
__ |
| u |
|
0030=https://znanium.ru/catalog/document?id=444855 |